000
00306nam a22001217a 4500
008
160519b xxu||||| |||| 00| 0 eng d
020
_a
9780023545351
020
_a
0023545356
041
_a
eng
080
_a
159.9
245
_a
Introduction to early childhood educatio:
_c
Verna Hildebrand;
942
_2
udc
_c
BK
999
_c
2246
_d
2246